000
00316nam a2200133Ia 4500
003
OSt
005
20240302164434.0
008
170524s9999 xx 000 0 und d
020
_a
978-9352865475
040
_c
iimtu meerut
100
_a
LAUDON- KENNTH C.
245
0
_a
MANAGEMENT INFORMATION SYSTEMS
942
_2
ddc
_c
02
999
_c
9573
_d
9573